Quest for the spark : (Record no. 5591)

MARC details
000 -LEADER
fixed length control field 01000nam a22002537a 4500
001 - CONTROL NUMBER
control field 5591
003 - CONTROL NUMBER IDENTIFIER
control field FISKH
005 - DATE AND TIME OF LATEST TRANSACTION
control field 20241219120123.0
008 - FIXED-LENGTH DATA ELEMENTS--GENERAL INFORMATION
fixed length control field 241219b cb ||||| |||| 00| 0 eng d
020 ## - INTERNATIONAL STANDARD BOOK NUMBER
International Standard Book Number 9780545141024
040 ## - CATALOGING SOURCE
Original cataloging agency FISKH
Language of cataloging eng
Transcribing agency FISKH
Modifying agency FISKH
050 ## - LIBRARY OF CONGRESS CALL NUMBER
Classification number PZ7.S643
082 ## - DEWEY DECIMAL CLASSIFICATION NUMBER
Classification number 741.5
100 ## - MAIN ENTRY--PERSONAL NAME
Personal name Sniegoski, Tom
245 ## - TITLE STATEMENT
Title Quest for the spark :
Remainder of title Book One /
Statement of responsibility, etc. Written By Tom Sniegoski : Illustrated By Jeff Smith : Color By Steve Hamaker
260 ## - PUBLICATION, DISTRIBUTION, ETC.
Place of publication, distribution, etc. New York :
Name of publisher, distributor, etc. Scholastic ;
Date of publication, distribution, etc. 2011.
300 ## - PHYSICAL DESCRIPTION
Extent 218 pages :
Other physical details color illustrations ;
Dimensions 24 cm .
490 ## - SERIES STATEMENT
Series statement Bone
Volume/sequential designation Book 1
520 ## - SUMMARY, ETC.
Summary, etc. Twelve-year-old Tom Elm, his raccoon friend Roderick, Percival, Abbey, and Barclay Bone, warrior-priest Randolf, and forest-woman Lorimar join in a quest to find the pieces of the Spark that can save Dreaming--and the Waking World--from a Darkness created by the Nacht.
650 ## - SUBJECT ADDED ENTRY--TOPICAL TERM
Topical term or geographic name entry element fantasy
Form subdivision Fiction
700 ## - ADDED ENTRY--PERSONAL NAME
Personal name Smith, Jeff
Relator term illustrator
942 ## - ADDED ENTRY ELEMENTS (KOHA)
Source of classification or shelving scheme Dewey Decimal Classification
Koha item type Books
Suppress in OPAC No
Holdings
Withdrawn status Lost status Source of classification or shelving scheme Damaged status Not for loan Collection Home library Current library Shelving location Date acquired Total Checkouts Full call number Barcode Date last seen Price effective from Koha item type
    Dewey Decimal Classification     Fiction Footprints International School Library Network Toul Tom Poung Campus Footprints International School Library Network Toul Tom Poung Campus TTP Secondary Fiction Bookshelves 12/19/2024   SNI 741.5 PZ7.S643 FISSE02047 12/19/2024 12/19/2024 Books